LDR 00948naa#a2200205#i#450# 001 RU\\bibl\121432 005 20260514214626.4 011 ## _a1994-4683 100 ## _a20230531b2023####ek#y0rusy0150####ca 102 ## _aRU 200 1# _aОЦЕНКА БЫСТРОТЫ С ПОМОЩЬЮ ЧЕЛНОЧНОГО БЕГА 4Х10 М И 10Х10 М В СРАВНЕНИИ С ГЛАДКИМ БЕГОМ НА 100 М _eЖурнальная статья 210 1# _aМосква _cНациональный государственный Университет физической культуры, спорта и здоровья им. П.Ф. Лесгафта _d2023 215 ## _a5 с. 608 ## _aЖурнальная статья _2local 675 ## _aБег. Например,. 796.422 _z 700 #1 _aЛавренчук _gА И 700 #1 _aЗырянова _gН В 700 #1 _aМещеряков _gС П 700 #1 _aТитушина _gН В 856 4# _auchzapiski.lesgaft.spb.ru _u